Central Library OPAC University of Rajshahi

The loneliness of the long-distance runner / (Record no. 21180)

MARC details
000 -LEADER
fixed length control field 00686nam a2200229 a 4500
001 - CONTROL NUMBER
control field 21180
003 - CONTROL NUMBER IDENTIFIER
rucl marc code BD-RjUL
005 - DATE AND TIME OF LATEST TRANSACTION
control field 20250812154951.0
008 - FIXED-LENGTH DATA ELEMENTS--GENERAL INFORMATION
fixed length control field 140303r19621959enk 000 1 eng
035 ## - SYSTEM CONTROL NUMBER
System control number (BD-RjUL)21244
040 ## - CATALOGING SOURCE
Original cataloging agency DLC
Transcribing agency NRC
Modifying agency NRC
-- UKM
-- BD-RjUL
-- EQO
Language of cataloging eng
041 ## - LANGUAGE CODE
Language code of text/sound track or separate title eng
082 04 - DEWEY DECIMAL CLASSIFICATION NUMBER
Classification number 823.91
Edition number 18
Author mark and year SIL 1962
100 1# - MAIN ENTRY--PERSONAL NAME
Personal name Sillitoe, Alan.
9 (RLIN) 61710
245 14 - TITLE STATEMENT
Title The loneliness of the long-distance runner /
Statement of responsibility, etc. Alan Sillitoe.
260 ## - PUBLICATION, DISTRIBUTION, ETC. (IMPRINT)
Place of publication, distribution, etc. London :
Name of publisher, distributor, etc. Allen,
Date of publication, distribution, etc. 1959 [reprinted 1960,1962].
300 ## - PHYSICAL DESCRIPTION
Pagination 176 p. ;
Size 21 cm.
650 ## - SUBJECT ADDED ENTRY--TOPICAL TERM
Topical term or geographic name as entry element Cross country runners --
Form subdivision Drama.
Geographic subdivision Great Britain --
9 (RLIN) 65455
942 ## - ADDED ENTRY ELEMENTS (KOHA)
Source of classification or shelving scheme Dewey Decimal Classification
Koha item type Books
Holdings
Lost status Source of classification or shelving scheme Damaged status Not for loan Collection code Permanent Location Current Location Shelving location Date acquired Source of acquisition Cost, normal purchase price Full call number Date last seen Copy number Koha item type Total Checkouts
  Dewey Decimal Classification   Not For Loan Fiction Central Library, University of Rajshahi Central Library, University of Rajshahi Reading Room 19/03/1964 Zeitlinger 13.60 823.91 SIL 1962 03/03/2014 C-1 Books  
  Dewey Decimal Classification     Fiction Central Library, University of Rajshahi Central Library, University of Rajshahi General Stacks 12/08/2025     823.91 SIL 1960 12/08/2025 C-2 Books